Responses for Show #1579 - Thursday, June 13, 1991

Contestants

[<< previous game]

Don Henry, a physician from Munster, Indiana

Harry Kelly, a law student from Portland, Maine

Jeff Moeller, an attorney from Anchorage, Alaska (whose 1-day cash winnings total $11,000)

[next game >>]

Jeopardy! Round responses

THE 50 STATES
BROADWAY LYRICS
BOTANY
FOREIGN WORDS & PHRASES
POTPOURRI
LIGHTHOUSES
    $100 1
(Jeff: What is Massachusetts?)
...
(Harry: What is [*]?)
(Alex: Oh, you have to ring in first.)

Pennsylvania

JeffHarry
    $100 21
Maria

Don
    $100 11
grass

Don
    $100 6
big prize (grand prize)

Jeff
    $100 12
Lawrence of Arabia

Jeff
    $100 24
Japan

Don
    $200 2
Delaware

Triple Stumper
    $200 22
midnight

Jeff
    $200 17
cotton

Jeff
    $200 7
cathedra

Harry
    $200 13
honeymoon

Don
    $200 26
the Lighthouse at Alexandria

Harry
    $300 3
Colorado

Jeff
    $300 23
Bloody Mary

Triple Stumper
    $300 18
an almond

Jeff
    $300 8
prego

Harry
    $300 14
(Harry: What is antennae?)

legs

HarryDon
    $300 27
the Coast Guard

Don
    $400 4
(Harry: What is Indiana?)

Mississippi

Harry
Triple Stumper
    $400 25
(Don: What is a thousand?)

a hundred million miracles

Don
Triple Stumper
    $500 19
a tomato

Jeff
    $400 9
shtick

Don
    $400 15
(Snidely) Whiplash

Don
    $400 29
whale oil

Don
    $500 5
Nebraska

Harry
    $500 28
(Alex: From Pal Joey, "If they asked me, [*]...")

I could write a book

Triple Stumper
    $500 20
the bluebonnet

Don
    $500 10
cherchez la femme

Jeff
    $500 16
ballet

Jeff
    $500 30
Cape Hatteras

Don

Scores at the first commercial break (after clue 15):

Jeff Harry Don
$900 $400 $1,400

Scores at the end of the Jeopardy! Round:

Jeff Harry Don
$2,600 $600 $2,900

Double Jeopardy! Round responses

"E" "Z" GEOGRAPHY
FAMOUS COURT CASES
COLONIAL AMERICA
ASTRONOMY
BRITISH ROYALTY
HEMINGWAY
    $200 1
Zurich

Jeff
    $200 2
Muhammad Ali

Don
    $200 23
(Harry: What is the Jamestown, Virginia Colony?)
(Don: What is Massachusetts Bay Colony?)

Plymouth

JeffHarryDon
    $200 11
waxing

Harry
    $200 12
Henry VIII

Don
    $200 18
Paris

Don
    $400 3
the Everglades

Jeff
    $400 7
(Don: Who is Jerry Falwell?)
[Delayed laughter in reaction to Don's response]

Larry Flynt

HarryDon
    $400 24
the town crier

Jeff
    $400 13
the Milky Way

Harry
    $400 17
Edward

Don
    $400 19
For Whom the Bell Tolls

Harry
    $600 4
Ethiopia

Harry
    $600 8
(Charles) Manson

Jeff
    $600 25
pillories

Harry
    $600 14
Mars

Don
    $600 20
Queen Victoria

Harry
    $3,000 28
(Don: What is an [**]?)
(Alex: [Looking at judges] Gosh, that's a toughie for us.)
(Don: What is [*]?)
(Alex: [Hand up in Don's direction] Hang on... We'll give it to you.)

ambulance driver (an ambulance attendant)

Don
    $800 5
Zaire

Harry
    $1,000 9
(Jeff: Oh, what is the um... Chicago... 6?)
(Alex: Ohhh! If you had a second shot at it, what would you say?)
(Jeff: [*].)

the Chicago 7

Jeff
    $800 26
flax

Jeff
    $800 15
Great Red Spot

Jeff
    $800 21
Queen Anne

Harry
    $800 29
grace

Don
    $1000 6
Zimbabwe

Jeff
    $1000 10
burning the flag

Jeff
    $1000 27
Georgia

Don
    $1000 16
Saturn

Harry
    $1000 22
Henry V

Triple Stumper
    $1000 30
Nick Adams

Don

Scores at the end of the Double Jeopardy! Round:

Jeff Harry Don
$7,000 $6,200 $9,700

[wagering suggestions for these scores]

Final Jeopardy! Round responses

TELEVISION
HarryWhat is The Jeffersons
$805
JeffWhat is The Jeffersons?
$7,000
DonWhat is The Jeffersons
$2,699
The Jeffersons

Final scores:

Jeff Harry Don
$14,000 $7,005 $12,399
2-day champion: $25,000 3rd place: Amisco loveseat & armchair + Jeopardy! home game or computerized version 2nd place: trip to Solvang & stay at Fredericks Holiday Inn + ride with Carey limousine + Jeopardy! home game or computerized version

Game dynamics:

Coryat scores:

Jeff Harry Don
$7,900 $6,200 $7,300
18 R
(including 1 DD),
2 W
(including 1 DD)
15 R,
3 W
20 R
(including 1 DD),
3 W

Combined Coryat: $21,400

[game clues] [game scores] [suggest correction]

Game tape date: 1991-03-12
The J! Archive is created by fans, for fans. Scraping, republication, monetization, and malicious use prohibited; this site may use cookies and collect identifying information. See terms. The Jeopardy! game show and all elements thereof, including but not limited to copyright and trademark thereto, are the property of Jeopardy Productions, Inc. and are protected under law. This website is not affiliated with, sponsored by, or operated by Jeopardy Productions, Inc. Join the discussion at JBoard.tv.